Teoreticko-metodologické aspekty boja s hospodárskou kriminalitou

Celosvetové ekonomické prostredie a finančná kríza. Výskyt podvodov, prípadne pokusov o podvodné konanie. Nové prístupy k odhaľovaniu podvodov. Aplikácia Benfordovho zákona. Identifikácia a eliminácia podvodného konania v hospodárskej oblasti. Spoločenské a finančné straty.

Saved in:
Bibliographic Details
Main Author: Kabát, Ladislav
Other Authors: Stehlíková, Beáta
Format: Book Chapter
Language:Slovak
Subjects:
Tags: Add Tag
No Tags, Be the first to tag this record!

MARC

LEADER 00000naa$a2200000$$$4500
001 0113168
005 20220330133048.9
041 0 |a slo 
044 |a SK 
245 1 0 |a Teoreticko-metodologické aspekty boja s hospodárskou kriminalitou  |c Ladislav Kabát, Beáta Stehlíková 
520 |a Celosvetové ekonomické prostredie a finančná kríza. Výskyt podvodov, prípadne pokusov o podvodné konanie. Nové prístupy k odhaľovaniu podvodov. Aplikácia Benfordovho zákona. Identifikácia a eliminácia podvodného konania v hospodárskej oblasti. Spoločenské a finančné straty. 
610 2 0 |a kriminalita hospodárska 
610 2 0 |a prostredie podnikateľské 
610 2 0 |a činnosť trestná 
610 2 0 |a podvody 
610 2 0 |a zodpovednosť spoločenská 
610 2 0 |a dôsledky sociálne 
100 1 |a Kabát, Ladislav 
700 1 |a Stehlíková, Beáta